| 000 | 00554nam a22002057a 4500 | ||
|---|---|---|---|
| 003 | NDmc | ||
| 005 | 20140310183102.0 | ||
| 008 | 130304t xxu||||| |||| 00| 0 eng d | ||
| 020 | _a971-42-0455-0 | ||
| 050 |
_aPL6061 _b.T161 2004 |
||
| 082 |
_aF808.0427 _b .Si6 2004 |
||
| 245 |
_aSining ng mabisang komunikasyon _cTanawan, Dolores S. |
||
| 260 |
_aBulacan : _bTrinitas Publishing, Inc. _c2004 |
||
| 300 |
_a266 p. _c25.4 cm. |
||
| 521 | _acollege students | ||
| 526 | _c1210L-1700L | ||
| 541 | _j1 | ||
| 562 | _e1 | ||
| 942 |
_2lcc _cBK _kFIL |
||
| 999 |
_c18745 _d18745 |
||